Poemas / (Registro nro. 12932)

Detalles MARC
000 -LIDER
fixed length control field 00769nam a22002537a 4500
003 - IDENTIFICACDOR DE NÚMERO DE CONTROL
control field DO-SdBNP
005 - DATE AND TIME OF LATEST TRANSACTION
control field 20171201091158.0
008 - ELEMENTOS DE LONGITUD FIJA
fixed length control field 161031b 1975 sp 00| 0 spa d
020 ## - ISBN
International Standard Book Number 8401810256
040 ## - FUENTE DE CATALOGACIÓN
Agencia que crea de manera original el registro BPMSU
Idioma de catalogación spa
Agencia que realiza la transcripción BPMSU
041 1# - CÓDIGOS DE OBRAS TRADUCIDAS O EN VARIOS IDIOMAS
Código del idioma del texto/archivo de sonido o separata spa
Código del idioma del resumen, abstract o subtítulo fre
100 1# - ASIENTO PRINCIPAL -- NOMBRE PERSONAL
Nombre personal Laforgue, Jules,
Fechas asociadas con el nombre 1860-1887.
245 10 - MENCIÓN DE TITULO
Título Poemas /
Mención de responsabilidad Jules Laforgue ; versión de Manuel Alvarez Ortega.
260 ## - PUBLICACIÓN, DISTRIBUCIÓN, ETC. (PIE DE IMPRENTA)
Lugar de publicación, distribución, etc Barcelona :
Nombre del editor, distribuidor, etc. Plaza & Janes,
Fecha de publicación, distribución, etc 1975.
300 ## - DESCRIPCIÓN FÍSICA
Extensión 236 p. :
Dimensiones 20 cm.
490 1# - MENCIÓN DE SERIES
Mención de serie Selecciones de poesía universal
500 ## - NOTA GENERAL
Nota general Texto Bilingüe
504 ## - NOTA DE BIBLIOGRAFÍA, ETC.
Bibliography, etc Bibliografía p: 31-35
700 12 - ASIENTO SECUNDARIO -- NOMBRE PERSONAL
Nombre personal Alvarez Ortega, Manuel,
Mención de responsabilidad versión
830 #0 - ASIENTO SECUNDARIO DE SERIE--TÍTULO UNIFORME
Título uniforme Selecciones de poesía universal
942 ## - ADDED ENTRY ELEMENTS (KOHA)
Source of classification or shelving scheme Dewey Decimal Classification
Koha item type Libros
945 ## - INFORMACIÓN DE PROCESAMIENTO LOCAL
Información de procesamiento local Inventariado 2017
956 ## - LOCAL ELECTRONIC LOCATION AND ACCESS (OCLC)
Nombre de host YLOCKWARD
Número de acceso 10
Información de compresión 000144
Existencias
Withdrawn status Lost status Source of classification or shelving scheme Damaged status Not for loan Collection code Home library Current library Date acquired Source of acquisition Total Checkouts Barcode Date last seen Price effective from Koha item type
    Dewey Decimal Classification     Colección General Biblioteca Pública Metropolitana Salomé Ureña Biblioteca Pública Metropolitana Salomé Ureña 11/17/2017 Sin sellar   BPMSU17110240 11/17/2017 11/17/2017 Libros